MARC

LEADER 00000nam0a2200000 4500
001 289609
005 20231102000214.0
035 |a (RuTPU)RU\TPU\book\314120 
090 |a 289609 
100 |a 20150402d1983 km y0rusy50 ca 
101 0 |a rus 
102 |a RU 
105 |a a z 001zy 
200 1 |a Урбанизация в США  |f В. М. Харитонов 
210 |a Москва  |c Изд-во Московского ун-та  |d 1983 
215 |a 200 с.  |c ил. 
320 |a Библиогр.: с. 193-199 
606 1 |a Урбанизация  |x Социальные проблемы  |2 stltpush  |3 (RuTPU)RU\TPU\subj\37994  |9 58732 
610 1 |a США 
610 1 |a города 
610 1 |a геоурбанистика 
610 1 |a структура 
610 1 |a региональные особенности 
610 1 |a агломерация 
610 1 |a кризисные явления 
610 1 |a жилищные проблемы 
610 1 |a транспорт 
610 1 |a загрязнение 
610 1 |a государственное регулирование 
686 |a С55.661  |v LBC/SL-A  |2 rubbk 
700 1 |a Харитонов  |b В. М. 
801 1 |a RU  |b 63413507  |c 20150402 
801 2 |a RU  |b 63413507  |c 20180619  |g RCR 
942 |c BK